000 00671nam a2200169Ia 4500
008 090711s9999 xx 000 0 und d
082 _b74360
100 _aजोशी शं. वि.
245 _aगोड्या पाण्यातील मत्स्यशेती
260 _bकॉन्टीनेन्टल प्रकाशन
_c1994
300 _a103
600 _aजोशी शं. वि.
630 _aगोड्या पाण्यातील मत्स्यशेती
700 _aजोशी शं. वि.
730 _aगोड्या पाण्यातील मत्स्यशेती
942 _cBOOK
999 _c286396
_d286396